00622nam a2200181 a 450000100100000000500170001000800410002704000250006808200100009310000300010324500970013326000600023030000270029049000370031750400230035470000260037783000370040300002637320240302073950.0081127s2003 dr a 000 0 spa d aDO-SdBNPbspacBNPHU aC117C1 aCassá, Roberto, d1948-10aPedro Santana :bautócrata y anexionista /cRoberto Cassá ;ilustraciones Ramiro Manzano. aSanto Domingo :bTobogán,c2003fEditora Alfa & Omega a57 p. :bil. ;c21 cm.0 aBiografías dominicanas Tobogan aBiografía: p. 571 aManzano, Ramiro,eil. 0aBiografías dominicanas Tobogan